Compendio de agronomía tropical
Збережено в:
| Співавтори: | , |
|---|---|
| Формат: | Книга |
| Мова: | Іспанська |
| Опубліковано: |
San José, Costa Rica.
IICA,
1989
|
| Серія: | IICA: Colección Investigación y Desarrollo,
13 |
| Предмети: | |
| Онлайн доступ: | Disponible Online |
| Теги: |
Додати тег
Немає тегів, Будьте першим, хто поставить тег для цього запису!
|
MARC
| LEADER | 00000cam a2200000 a 4500 | ||
|---|---|---|---|
| 001 | UCV7255 | ||
| 003 | CL-VaPUC | ||
| 005 | 20211118185635.0 | ||
| 008 | 900927e19890000CR |||||||||||||||||spa|d | ||
| 999 | |c 212959 |d 212957 | ||
| 020 | |a 9290391529 | ||
| 040 | |c Pontificia Universidad Católica de Valparaíso | ||
| 082 | 0 | 4 | |a 630 INS 1989 |2 21 |
| 110 | 2 | |a Instituto Interamericano de Cooperación para la Agricultura |e author |9 301300 | |
| 245 | 1 | 0 | |a Compendio de agronomía tropical |
| 260 | |a San José, Costa Rica. |b IICA, |c 1989 | ||
| 300 | |a 2 tomos | ||
| 490 | 0 | |a IICA: Colección Investigación y Desarrollo, |v 13 | |
| 583 | |a last modification |c 20160422 12:49:27 |k Rodrigo Vera | ||
| 650 | 0 | |a Agricultura tropical |2 CL-VaPUC |9 264421 | |
| 710 | 2 | |a Ministerio de Asuntos Extranjeros de Francia |e author |9 301301 | |
| 856 | |u http://bibliografiadigital.pucv.cl.pucv.idm.oclc.org/index.php/bibliotecapucv/catalog/book/850 |y Disponible Online | ||
| 942 | |c BK |2 ddc | ||
| 945 | |d 19900927 00:00:00 |a mfernand | ||
| 952 | |0 0 |1 0 |3 erb |4 0 |6 630_000000000000000_INS_1989 |7 0 |8 A |9 194858 |a BIBAGR |b BIBAGR |h t.2 |i 5282950 |o 630 INS 1989 |p 5282950 |r 2025-01-20 |w 2019-11-14 |y BK |z Catalogado en:20160428 |k AGR | ||